Welcome to CU Library Online Public Access Catalogue (OPAC)

Understanding Human Behavior and the Social Environment (Record no. 3014)

MARC details
000 -LEADER
fixed length control field 00586nam a22001817a 4500
005 - DATE AND TIME OF LATEST TRANSACTION
control field 20250124125914.0
008 - FIXED-LENGTH DATA ELEMENTS--GENERAL INFORMATION
fixed length control field 250124b |||||||| |||| 00| 0 eng d
020 ## - INTERNATIONAL STANDARD BOOK NUMBER
International Standard Book Number 9781133354727
050 ## - LIBRARY OF CONGRESS CALL NUMBER
Classification number HM1033
Item number .Z37 ZAS
100 ## - MAIN ENTRY--PERSONAL NAME
Personal name Zastrow Charles H.
245 ## - TITLE STATEMENT
Title Understanding Human Behavior and the Social Environment
Statement of responsibility, etc. Charles H. Zastrow & Karen K. Kirst-Ashman
250 ## - EDITION STATEMENT
Edition statement 9th Ed.
260 ## - PUBLICATION, DISTRIBUTION, ETC.
Place of publication, distribution, etc. Australia
Name of publisher, distributor, etc. Cengage Learning
Date of publication, distribution, etc. 2013
300 ## - PHYSICAL DESCRIPTION
Extent xxiii. 744p.
Other physical details ill. col.
Dimensions 25.5 cm 20.5 cm
650 ## - SUBJECT ADDED ENTRY--TOPICAL TERM
Source of heading or term Human Behavior
700 ## - ADDED ENTRY--PERSONAL NAME
Personal name Kirst-Ashman Karen K.
942 ## - ADDED ENTRY ELEMENTS (KOHA)
Source of classification or shelving scheme Library of Congress Classification
Koha item type Books
Edition 9th Ed.
Suppress in OPAC No
999 ## -
-- 3014
-- 3014
Holdings
Withdrawn status Lost status Source of classification or shelving scheme Damaged status Not for loan Collection Home library Current library Shelving location Date acquired Total checkouts Full call number Barcode Date last seen Copy number Price effective from Koha item type
    Library of Congress Classification     Non-fiction Business Library (Miotso) Business Library (Miotso) General stacks 01/22/2025   HM1033 .Z37 ZAS BSSM00000632 01/24/2025 1 01/22/2025 Books
    Library of Congress Classification     Non-fiction Business Library (Miotso) Business Library (Miotso) General stacks 03/17/2025   HM1033 .Z37 ZAS BSSM00001409 03/17/2025 2 03/17/2025 Books
    Library of Congress Classification     Non-fiction Business Library (Miotso) Business Library (Miotso) General stacks 03/17/2025   HM1033 .Z37 ZAS BSSM00001410 03/17/2025 3 03/17/2025 Books
© 2023-2024 Copyright: Central University Libraries. All Rights Reserved | Created by: Mahone Tech Office